| 000 | 02688nam a2200301Ia 4500 | ||
|---|---|---|---|
| 003 | OSt | ||
| 005 | 20210901143531.0 | ||
| 008 | 210310s2007 mx ad fr 001 0dspa d | ||
| 020 | _a9789681685720 | ||
| 040 |
_aCO-JMCR _cCO-JMCR |
||
| 041 | 0 | _aspa | |
| 082 | 0 | 4 |
_a340.1 / _bP855a _223 |
| 100 | 1 |
_aPosner, Richard A., _917274 _eautor |
|
| 245 | 1 | 3 |
_aEl analisis economico del derecho _cRichard A. Posner ; traducción, Eduardo L. Suárez |
| 250 | _aSegunda edición | ||
| 260 |
_aMéxico : _bFondo de Cultura Económica, _c2007 |
||
| 300 |
_a1120 páginas : _bilustraciones y gráficas a blanco y negro ; _c23 cm. |
||
| 490 | 0 | _aSección de obras de política y derecho | |
| 500 | _aIncluye notas a pie de página, datos biográficos del autor e índice de casos, onomástico y analítico. | ||
| 505 | 0 | _aEl derecho y la economía: introducción -- El derecho común -- Regulación pública del mercado -- El derecho de las organizaciones mercantiles y los mercados financieros -- El derecho y la distribución del ingreso y la riqueza -- El proceso legal -- La constitución y el sistema federal | |
| 520 | 3 | _aLa economía es una herramienta valiosa para analizar un amplio abanico de cuestiones legales, pero la mayoría de los abogados y estudiantes de derecho tienen dificultades al relacionar los principios económicos con problemas legales específicos. Este manual está pensado para ellos. La obra está organizada en torno a conceptos legales, lo que permite captar y estudiar el derecho como un sistema cuya coherencia puede ser mostrada, y a veces perfeccionada por el análisis económico. Richard A. Posner -quien insiste en la unidad, simplicidad y fuerza, pero también en la sutileza, de los principios económicos- no requiere de sus lectores ninguna familiaridad con la ciencia económica, estudia el sistema legal haciendo hincapié en la regulación de las actividades que no tienen relación con el mercado y si con la ley, la jurisprudencia y las cuestiones públicas y privadas, por lo que no sólo centra su atención en aspectos familiares para los economistas, como delitos, accidentes y litigios, sino también en otros como la drogadicción y la religión. La relación entre derecho y economía es el campo interdisciplinario más destacado de los estudios legales contemporáneos. Esta segunda edición refleja los aportes a esta materia surgidos en la primera década del siglo XXI. | |
| 650 | 1 | 4 |
_aDerecho y economía _917276 |
| 650 | 2 | 4 |
_aDerecho _xAspectos económicos _939796 |
| 650 | 2 | 4 |
_aTeoría económica _939863 |
| 650 | 2 | 4 |
_aDerecho _xAnálisis económico _939864 |
| 700 | 1 |
_aSuárez, Eduardo L., _etraductor _94465 |
|
| 942 |
_2ddc _cBK |
||
| 999 |
_c8439 _d8439 |
||